Normal view
MARC view
- Ruiz Cuevas, Claudia Alicia
Entry Nombre Personal
001 - NUMERO DE CONTROL
- campo de control: 47123
003 - IDENTIFICADOR DE NUMERO DE CONTROL
- campo de control: MX-MxUPN
005 - FECHA Y HORA DE LA ÜLTIMA TRANSACCIÓN
- campo de control: 20221017124140.0
008 - DATOS DE LONGITUD FIJA
- campo de control de longitud fija: 221017|| aca||aabn | a|a d
040 ## - FUENTE DE CATALOGACIÓN
- Agencia original de catalogación: MX-MxUPN
- Lenguaje de catalogación: spa
- Agencia de transcripción: MX-MxUPN
100 1# - ENCABEZAMIENTO - NOMBRE PERSONAL
- Nombre personal: Ruiz Cuevas, Claudia Alicia
670 ## - FUENTE EN LA QUE SE LOCALIZARON DATOS
- Cita de la fuente: Análisis de la Guía de Carreras UNAM desde una perspectiva comunicacional, 2004:
- Información localizada: portada (Claudia Alicia Ruiz Cuevas)
